[Event "Madrid-ch Sub14 2022"]
[Site "Madrid ESP"]
[Date "2022.04.10"]
[Round "6.4"]
[White "Calvo Gonzalez, Jose Felix"]
[Black "Garcia Trabanca, Ana"]
[Result "1-0"]
[WhiteElo "2078"]
[BlackElo "1519"]
[PlyCount "59"]
[EventDate "2022.04.02"]
[EventType "swiss"]
[EventRounds "6"]
[EventCountry "ESP"]
[SourceTitle "Ajedrez en Madrid"]
[Source "lmi"]
[SourceDate "2022.07.30"]
[SourceVersion "1"]
[SourceVersionDate "2022.07.30"]
[SourceQuality "1"]

1. e4 c5 2. Nf3 d6 3. d4 cxd4 4. Nxd4 Nf6 5. Nc3 e6 6. g4 b6 7. Bb5+ Bd7 8. g5
Ng8 9. f4 a6 10. Bxd7+ Nxd7 11. f5 exf5 12. Nxf5 Ne5 13. Be3 g6 14. Ng3 Nc4 15.
Bd4 Ne5 16. Nd5 Rb8 17. Bxe5 dxe5 18. Qd2 Be7 19. Qc3 Bd6 20. Rf1 Ne7 21. Nf6+
Kf8 22. O-O-O Rc8 23. Qf3 Nc6 24. Nd5 Qxg5+ 25. Kb1 f5 26. h4 Qxh4 27. Nxf5
gxf5 28. Qxf5+ Ke8 29. Nf6+ Kf7 30. Nh5+ 1-0

[Event "Madrid-ch Sub14 2022"]
[Site "Madrid ESP"]
[Date "2022.04.10"]
[Round "6.5"]
[White "Jolani, Parnian"]
[Black "Arevillca Colque, Jonatan"]
[Result "1-0"]
[WhiteElo "1643"]
[BlackElo "1818"]
[PlyCount "79"]
[EventDate "2022.04.02"]
[EventType "swiss"]
[EventRounds "6"]
[EventCountry "ESP"]
[SourceTitle "Ajedrez en Madrid"]
[Source "lmi"]
[SourceDate "2022.07.30"]
[SourceVersion "1"]
[SourceVersionDate "2022.07.30"]
[SourceQuality "1"]

1. e4 e5 2. Nf3 Nc6 3. Bb5 a6 4. Ba4 Nf6 5. d3 b5 6. Bb3 Be7 7. O-O O-O 8. Nbd2
d6 9. a4 Rb8 10. a5 Be6 11. c3 b4 12. Bc2 Rb5 13. d4 exd4 14. Nxd4 Nxd4 15.
cxd4 c6 16. Ra4 Rxa5 17. Rxb4 d5 18. Rb7 Nd7 19. e5 Qc8 20. Rb3 c5 21. f4 f5
22. Nf3 Qc7 23. Rc3 Qb6 24. Kh1 c4 25. Ng1 Bf7 26. Bxf5 Nb8 27. Rh3 Bg6 28.
Bxg6 Qxg6 29. Rg3 Qf5 30. Rh3 Ra1 31. Qf3 Rd8 32. Ne2 Nc6 33. Ng3 Qc2 34. Qe3
Nxd4 35. f5 Nb3 36. f6 Qxc1 37. Qf3 Bf8 38. Rxc1 Rxc1+ 39. Nf1 Nd2 40. f7+ 1-0

[Event "Madrid-ch Sub14 2022"]
[Site "Madrid ESP"]
[Date "2022.04.10"]
[Round "6.6"]
[White "Cuesta Moscoso, Alvaro"]
[Black "Bartolome Benito, Alejandro"]
[Result "1/2-1/2"]
[WhiteElo "1498"]
[BlackElo "1546"]
[PlyCount "80"]
[EventDate "2022.04.02"]
[EventType "swiss"]
[EventRounds "6"]
[EventCountry "ESP"]
[SourceTitle "Ajedrez en Madrid"]
[Source "lmi"]
[SourceDate "2022.07.30"]
[SourceVersion "1"]
[SourceVersionDate "2022.07.30"]
[SourceQuality "1"]

1. d4 Nf6 2. Bf4 d5 3. Nf3 c5 4. e3 Nc6 5. c3 Bf5 6. Bd3 Bxd3 7. Qxd3 e6 8.
Nbd2 c4 9. Qc2 Bd6 10. Bg3 O-O 11. O-O Bxg3 12. hxg3 b5 13. e4 a5 14. Ng5 h6
15. Ngf3 b4 16. Ne5 Qc7 17. f4 Nxe5 18. fxe5 Nxe4 19. Nxe4 dxe4 20. Qxe4 bxc3
21. bxc3 Rab8 22. Rf2 Qb7 23. Qg4 Qd5 24. Raf1 Rb7 25. Qh5 Qe4 26. g4 Rb1 27.
Qh3 Rxf1+ 28. Rxf1 Rb8 29. Rf2 Rb1+ 30. Kh2 Rh1+ 31. Kxh1 Qe1+ 32. Kh2 Qxf2 33.
Qf3 Qxa2 34. Qa8+ Kh7 35. Qe4+ g6 36. Qf4 Kg7 37. Qf6+ Kg8 38. Qd8+ Kh7 39. Qf6
Kg8 40. Qd8+ Kh7 1/2-1/2

[Event "Madrid-ch Sub14 2022"]
[Site "Madrid ESP"]
[Date "2022.04.10"]
[Round "6.7"]
[White "Torres Rebolledo, Marcos"]
[Black "Corchon Granero, Mateo"]
[Result "1-0"]
[WhiteElo "1526"]
[BlackElo "1525"]
[PlyCount "101"]
[EventDate "2022.04.02"]
[EventType "swiss"]
[EventRounds "6"]
[EventCountry "ESP"]
[SourceTitle "Ajedrez en Madrid"]
[Source "lmi"]
[SourceDate "2022.07.30"]
[SourceVersion "1"]
[SourceVersionDate "2022.07.30"]
[SourceQuality "1"]

1. d4 d5 2. c4 e6 3. Nc3 Nf6 4. cxd5 exd5 5. Bg5 Be7 6. Qc2 c6 7. e3 h6 8. Bh4
Be6 9. Bd3 Nbd7 10. Nge2 Nf8 11. f3 Bc8 12. O-O Ne6 13. Rad1 O-O 14. Rfe1 Nd7
15. Bxe7 Qxe7 16. e4 Nb6 17. e5 Qg5 18. Rf1 Nf4 19. Nxf4 Qxf4 20. Ne2 Qh4 21.
f4 Bg4 22. f5 Bxe2 23. Bxe2 Nd7 24. Rf3 Rac8 25. f6 g6 26. Rh3 Qf4 27. Rf3 Qh4
28. Rg3 Kh8 29. Qd2 c5 30. dxc5 Nxc5 31. Rh3 Ne4 32. Rxh4 Nxd2 33. Rxh6+ Kg8
34. Rxd2 Rfe8 35. Rxd5 Rc1+ 36. Bd1 Rb1 37. b3 Ra1 38. a4 Rc1 39. Kf2 Rb1 40.
Rd3 Rb2+ 41. Be2 b6 42. Rdh3 Rxe2+ 43. Kxe2 Rxe5+ 44. Kd3 Rd5+ 45. Ke4 Rh5 46.
R6xh5 gxh5 47. Rxh5 a6 48. Kd5 b5 49. a5 b4 50. h3 Kf8 51. Rh8# 1-0

[Event "Madrid-ch Sub14 2022"]
[Site "Madrid ESP"]
[Date "2022.04.10"]
[Round "6.8"]
[White "Raskin Calvo, Maximilian"]
[Black "Blazquez Sanz, Oscar"]
[Result "0-1"]
[WhiteElo "1397"]
[BlackElo "1619"]
[PlyCount "40"]
[EventDate "2022.04.02"]
[EventType "swiss"]
[EventRounds "6"]
[EventCountry "ESP"]
[SourceTitle "Ajedrez en Madrid"]
[Source "lmi"]
[SourceDate "2022.07.30"]
[SourceVersion "1"]
[SourceVersionDate "2022.07.30"]
[SourceQuality "1"]

1. d4 Nf6 2. Bf4 g6 3. e3 Bg7 4. Nf3 O-O 5. Bd3 d6 6. c3 Nbd7 7. e4 c5 8. Bg3
Qb6 9. Qb3 Nh5 10. Bc4 Nxg3 11. hxg3 cxd4 12. Ng5 Qxb3 13. axb3 h6 14. Nxf7
Rxf7 15. cxd4 Bxd4 16. Rxh6 Kg7 17. Rh3 Rxf2 18. Nd2 Ne5 19. Rh2 Bg4 20. Bf1
Raf8 0-1